00807nam a2200193 a 4500003000200000005001700002008004100019050002700060100003500087245010200122260009200224300004800316504004300364650003100407650003600438650004400474650004400518650005100562020250331091448.0050810s19uu xx 00 eng d aPGS RA 784 b.Y12 2005 aYague, Jesyl Origen Rodriguez. aThe profile of people who use Arthrospira plantensis (spirulina) /cJesyl Origen Rodriguez Yague. aLas Piñas City, Philippines : bSouthville International School and Colleges,c2005. a45 pages :bcolored illustrations ;c28 cm. aIncludes bibliographical references.  aSpirulinavHealth aspects. aSpirulinavNutritional aspects. aDietary supplementsvConsumer behavior. aNutritional supplementsvUser profiles. aAlternative medicinevNutritional supplements.